Quizzes
Events
Quiz Creation
Community
Videos
Private Events
Remove Ads
Sign In
Join for FREE
Feedback
Dark Mode
Quiz Categories
Sports
Geography
Music
Movies
Television
Just For Fun
Miscellaneous
History
Literature
Language
Science
Gaming
Entertainment
Religion
Holiday
For Kids
Quiz Lab
Recent
Popular Today
Quiz Kudos Today
Editor Picks
Curator Picks
Quizzes by...
Day
Popularity
Type
Ratings
Length
Year
Community
Subscriptions
Recent Discussions
Orange Saloon
Badges
Playlists
Quests
Create
Leaderboards
Showdown
Live 5
Trivia Bingo
Activity
Puzzle Library
Sporcle Events
Private Events
Virtual Trivia
Globe League
Become a Host
Pub Owners
SporcleCon
Opinionation
Our Games
Videos
Blog
Mobile Apps
Partnerships
Remove Ads and Go Orange
Feedback
Geography
Country
Landmarks
City
State
Population
World
Capital
Continent
Flags
Europe
Africa
Asia
South America
North America
Oceania
Border
Canada
United Kingdom
Topography
United States
Geography
Country
Landmarks
City
State
Population
World
Capital
Continent
Flags
Europe
Africa
Asia
South America
North America
Oceania
Border
Canada
United Kingdom
Topography
United States
Random Quiz
Search Sporcle
×
Quiz Lab
Quiz Lab
Geography
Anniversary
Click on answers out of a set of options
Click on answers out of a set of options
Multiple Choice
Best Score? Go Orange.
Hemel Hempstead 70th anniversary quiz Stats
Hemel Hempstead (in England) is 70 years old, set up as a 'New Town' on 4th February 1947. Love it or loath it, how much do you know about Hemel?
By
derex
4m
20 Questions
408 Plays
408 Plays
408 Plays
Comments
Comments
Give Quiz Kudos
Give Quiz Kudos
-
- Ratings
hide this ad
Random Order
Randomize order of answers
Randomize order of answers
Replay
Link that replays current quiz
Next Quiz
Link to next quiz in quiz playlist
You Got
0%
They Got
Avg Score
63%
Avg Friend Score
Upgrade to see
Score Distribution
Jump to the score distribution portion of the page
Score
0/20
Timer
04:00
0
Plays Today
Question
Answer
Wrong Answers
What county does Hemel Hempstead belong to?
Hertfordshire
92.2%
Bedfordshire
2.2%
Northamptonshire
0.5%
Buckinghamshire
2.2%
And what is the name of the said shopping precinct, especially the main pedestrianised area?
Marlowes
81.4%
Shakespeares
1.2%
Chaucers
3.7%
Greenes
2%
What is the official name of the (in)famous 'Magic Roundabout', located immediately to the south of the main shopping precinct?
Plough Roundabout
73.5%
Robin Roundabout
3.9%
Hemel Carousel
9.6%
Gade Circus
4.4%
What was the name of the famous music and entertainment venue, which hosted numerous famous artists such as Genesis, U2, David Bowie, etc., before its demolition in 2002?
The Pavilion
72.8%
The Hempstead Hall
6.4%
The Magic Roundabout
4.9%
The Circus
4.2%
The Buncefield Fire, a series of explosions and fires in 2005, was possibly the largest in peacetime Europe. What was burning?
An oil depot, co-owned by Texaco and Total
72.3%
An undiscovered underground methane deposit
4.9%
A munitions logistics centre of the Ministry of Defence
3.2%
A large sawmill and attached timber warehouse
4.2%
...and the postcode area?
HP
71.8%
HL
1.5%
HE
5.4%
HH
3.4%
What is the Hemel telephone area code?
01442
71.3%
01244
4.2%
01494
4.4%
01982
3.2%
Which canal cuts through Hemel?
Grand Union Canal
70.6%
Tring-Stevenage Canal
6.6%
Heart of England Canal
1.7%
Bucks-Beds Canal
4.2%
What is the name of the town's professional rugby league club?
Hemel Stags
69.1%
Hemel Hornets
14.5%
Hemel Bulls
5.6%
Hemel Hounds
3.9%
...and therefore, trains from Hemel to London terminate (mainly) at...?
Euston
68.6%
Paddington
4.9%
Marylebone
1.5%
King's Cross
4.9%
When did Hemel receive its original town charter, and from which monarch?
1539 - Henry VIII
67.4%
1771 - George III
5.6%
1888 - Victoria
6.9%
1964 - Elizabeth II
14.5%
Which international airport (ie. with regular international passenger flights) is situated closest to Hemel?
London Luton
64.5%
London Heathrow
4.7%
London Stansted
2.9%
East Midlands
1.2%
Which of these is *NOT* a district of Hemel?
Dunnover
63.2%
Apsley
4.2%
Boxmoor
3.4%
Chaulden
4.7%
What is the name of the District which houses Hemel Hempstead?
Dacorum
62.7%
Decorum
10.3%
Verulamium
1.2%
Berkhempstead
4.4%
In 1803, the first automatic manufacturing process for a certain product was developed in Hemel by the Fourdrinier brothers, and later grew into a major economic activity in the area all through the 19th and 20th centuries. What product?
Paper
52.7%
Rubber
9.8%
Non-animal-based leather
4.4%
Bread
4.7%
Hemel is situated at the confluence of two small rivers - what are their names?
Gade & Bulbourne
51%
Wye & Alebourne
1.7%
Harpenden & Reve
6.4%
Gade & Thame
17.9%
What was Hemel's approximate population in the 2011 census?
95,000
48.8%
155,000
11.8%
67,000
15%
129,000
20.8%
What does the 'Hemel' part of the name refer to?
No-one knows for sure
39%
Hemp, for which the area is known
19.4%
Hops (Lat. Humulus), for which the area is known
5.4%
Old Norse word for a wooded valley
30.9%
The parish church dates back to approximately what year?
1140
36.3%
1410
26.5%
1790
20.6%
1910
6.6%
The Hemel station is on which railway main line?
West Coast Main Line
32.4%
Cross Country Route
9.6%
East Coast Main Line
18.4%
Great West Main Line
20.8%
Quiz Playlist
Details
Report
Send in Message
Add To Playlist
Multiple Choice:
Click on answers out of a set of options
Random Order:
Randomize order of answers
Quiz Source
Last Updated: Feb 16, 2017
Quiz Scoreboard
CHALLENGE
Sign Up to Join the Scoreboard
Show All
Scores
Hide
Comments
May contain spoilers
Recently Published
9x9 Crossword: Cartoon Network
by jackfrog10
Miscellaneous
3m
College Basketball Coaching Resumes
by pancakes188
Sports
9m
Billboard Blitz: Fleetwood Mac
by CooCooCachoo
Music
15s
More to Explore
Quiz From the Vault
Featured Blog Post
Where Did the Easter Bunny Come From?
hide this ad
You Might Also Like...
Tags
Anniversary
English Towns
Today's Top Quizzes in Geography
Browse Geography
hide this ad
Today's Top Quizzes in Anniversary
Browse Anniversary
Top Contributed Quizzes in Geography
1
Countries of the World - No Outlines Minefield
2
Top 25 Cities of France on a map
3
Any capital of a 'B' country per Continent
4
Any capital of a 'C' country per Continent
5
Closest Countries to UK A-Z
6
Any capital of a 'D' country per Continent
7
5-to-1: US Geography No Hints
8
Any capital of an 'E' country per Continent
9
Find the US States - No Outlines
10
Any capital of an 'F' country per Continent
Explore More
Trending Topics
Kpop
Crossword
NBA
Marvel
Harry Potter
Disney
Anime
Soccer
NFL
Country
WWE
Pokémon
Puzzle
The Office
Song
hide this ad
More By:
derex
Quiz
Plays
Rating
Category
Featured
Created
Letters-In-Acronyms
77,140
4.46
Miscellaneous
Sep 23, 2016
Common Words in Abbreviations
16,801
4.33
Miscellaneous
Nov 24, 2015
WRC rally winners by nation
3,479
5.00
Sports
Apr 25, 2015
Country names with palindromic vowels
3,161
4.48
Geography
Sep 8, 2016
Fastest F1 drivers since 1983
2,854
4.24
Sports
Aug 18, 2020
Go to Creator's Profile
Score Distribution
Quiz Creator Spotlight
derex
Follow
Send a Message
Quizzes Created
-
Created Quiz Play Count
-
More By This Creator
Popular Quizzes Today
1
Find the US States - No Outlines Minefield
2
Find the Countries of Europe - No Outlines Minefield
3
The Countries of the World
4
Find the US States
5
Risky Map Clicking: Biggest States A-Z
6
US States
7
Popular People in 1961
8
Movies - When Are They Set?
More Geography Quizzes
Decolorized Flags: Oceania
Published
Trending Quizzes
Risky Map Clicking: Least Populous States A-Z
1-10 Letter G Words
1-10 Letter F Words
Risky Map Clicking: Next State Alphabetically
Adjectives in 80s TV Shows
Recently Updated
Leaping Animals
pecheneg
Reality TV Shows (A-Z)
bhenderson79
Rickey Henderson's Hall of Fame Teammates
pecheneg
Champions League XIs: Arsenal
pecheneg
Quick Pick: Celebrities in WWE's Hall of Fame
aduchscher
A-Z Keypad Blitz II
pecheneg
Multiple Oscar Actors
pecheneg
Mystery Phrase Blitz: Oscar 'Best Actors'
pecheneg
F. Scott Fitzgerald Novels
LTH
Pick 3 Villains
ddd62291
Trending Topics
Marvel
NBA
Disney
Crossword
Kpop
Anime
Harry Potter
Puzzle
WWE
The Office
Soccer
Song
Pokémon
NFL
Country
Your Account Isn't Verified!
In order to create a playlist on Sporcle, you need to verify the email address you used during registration. Go to your
Sporcle Settings
to finish the process.
Report this User
Report this user for behavior that violates our
Community Guidelines
.
Details:
Send Report
Go to the Sporcle.com Mobile Site →
Comments